Responses for show #4570 - Friday, June 18, 2004

Ken Jennings game 13.

Contestants

[<< previous game]

Ellen Cook, a freelance writer and editor from Las Vegas, Nevada

Bret Bradigan, a newspaper publisher from Ojai, California

Ken Jennings, a software engineer from Salt Lake City, Utah (whose 12-day cash winnings total $410,158)

[next game >>]

Jeopardy! Round responses

ALL AROUND LONDON
MUPPET NEWS
BAKING 3s
THE SUPER BOWL
JULIA
THROW THE "BOOK" AT 'EM!
    $200 1
Chamber of Horrors

Ken
    $200 6
[Ken responds in a [*] voice.]

Louis Armstrong

Ken
    $200 26
ovens

Bret
    $200 21
the Rose Bowl

Ellen
    $200 11
Julia Roberts

Ken
    $200 16
a pocketbook

Ken
    $400 2
Hyde Park

Bret
    $400 7
Felix Unger & Oscar Madison

Ken
    $400 27
salt

Ken
    $400 22
Jerry Rice

Ken
    $400 12
Julia Grant

Ken
    $400 17
a bookie (or bookmaker)

Bret
    $600 3
(Bret: What is Chelsea?)

Sloane

Bret
Triple Stumper
    $600 8
Keebler

Ken
    $600 28
confectioner's

Ellen
    $600 23
the Miami Dolphins

Ellen
    $600 13
Julia Child

Ken
    $600 18
a stylebook

Ken
    $800 4
the Tower of London

Ken
    $800 9
Hunter S. Thompson

Ken
    $800 29
flour

Bret
    $800 24
Jake Delhomme

Triple Stumper
    $800 14
Julia Ward Howe

Ken
    $800 19
Booker T. Washington

Ken
    $1000 5
(Bret: What is Camden Town?)

Mayfair

KenBret
    $1000 10
Lou Dobbs

Ken
    $800 30
evaporated

Bret
    $1000 25
Pete Rozelle

Bret
    $1000 15
Julius Caesar

Triple Stumper
    $1000 20
the Domesday Book

Bret

Scores at the first commercial break (after clue 13):

Ken Bret Ellen
$6,200 -$1,200 $0

Scores at the end of the Jeopardy! Round:

Ken Bret Ellen
$9,400 $3,000 $1,400

Double Jeopardy! Round responses

INSECTS
BEN & JENNIFER FILMS
YOU AUTO KNOW THIS
THE VIETNAM ERA
POTPOURRI
SOFT "C"
    $400 11
wasps

Ken
    $400 1
Gigli

Ken
    $400 21
Rolls-Royce

Bret
    $400 23
Joan Baez

Ken
    $400 16
Cap'n Crunch

Ken
    $400 6
ceremonies

Ellen
    $800 12
mosquitoes

Ken
    $800 2
Along Came Polly

Ellen
    $800 22
Volkswagen

Ken
    $800 24
the Democratic National Convention

Ken
    $800 17
beard

Ken
    $800 7
cymbal

Bret
    $1200 13
the bumblebee

Bret
    $1200 3
House of Sand and Fog

Ken
    $1200 28
(Preston) Tucker

Ellen
    $2,200 25
the Gulf of Tonkin Resolution

Ken
    $1200 18
Shazam

Ken
    $1200 8
Celtics

Ellen
    $1600 14
the cricket

Ken
    $1600 4
Daredevil

Ken
    $1600 29
the P.T. Cruiser

Bret
    $1600 26
David Halberstam

Bret
    $1600 19
(Ken: Who is Zbigniew Brzezinski?)

Cyrus Vance

KenBret
    $1600 9
Cyprus

Bret
    $2,600 15
beetles

Ken
    $2000 5
Bounce

Triple Stumper
    $2000 30
Stutz

Triple Stumper
    $2000 27
Le Duc Tho

Ken
    $2000 20
Amelia Earhart

Ellen
    $2000 10
(Bret: What is cesium?)

cerium

KenBret

Scores at the end of the Double Jeopardy! Round:

Ken Bret Ellen
$27,000 $9,800 $7,000
(lock game)

[wagering suggestions for these scores]

Final Jeopardy! Round responses

THE 16th CENTURY
EllenWhat is I want my $2!
$2,800
BretWhat is the Gregorian calendar
$4,200
KenWhat is the Gregorian calendar
$3,000
the Gregorian calendar

Final scores:

Ken Bret Ellen
$30,000 $14,000 $4,200
13-day champion: $440,158 2nd place: $2,000 3rd place: $1,000

Game dynamics:

Coryat scores:

Ken Bret Ellen
$25,400 $10,000 $7,000
33 R
(including 2 DDs),
1 W
14 R
(including 1 DD),
3 W
8 R,
0 W

Combined Coryat: $42,400

The J! Archive is created by fans, for fans. The Jeopardy! game show and all elements thereof, including but not limited to copyright and trademark thereto, are the property of Jeopardy Productions, Inc. and are protected under law. This website is not affiliated with, sponsored by, or operated by Jeopardy Productions, Inc. Join the discussion at JBoard.tv.